Normal view
MARC view
Entry Personal Name
001 - CONTROL NUMBER
- control field: 24192
003 - CONTROL NUMBER IDENTIFIER
- control field: ARRUPE
005 - DATE AND TIME OF LATEST TRANSACTION
- control field: 20160428094404.0
008 - FIXED-LENGTH DATA ELEMENTS
- fixed length control field: 160428|| aca||aabn | a|a d
040 ## - CATALOGING SOURCE
- Original cataloging agency: ARRUPE
- Transcribing agency: ARRUPE
100 ## - HEADING--PERSONAL NAME
- Personal name: Mulholland, M. Robert,
- Titles and other words associated with a name: Jr.
670 ## - SOURCE DATA FOUND
- Source citation: Work cat.: (ARRUPE)0: Mulholland, M. Robert, Jr., Invitation to a journey :, c1993.